| 000 | 00744nam a2200265Ia 4500 | ||
|---|---|---|---|
| 003 | OSt | ||
| 005 | 20220918164931.0 | ||
| 006 | a|||||r|||| 00| 0 | ||
| 007 | ta | ||
| 008 | 220917b |||||||| |||| 00| 0 eng d | ||
| 020 | _a0817302115 | ||
| 024 | _a36,589 | ||
| 037 | _cTextual | ||
| 040 |
_aARTS _cARTS _beng |
||
| 041 |
_2eng _aeng |
||
| 082 | _aO122,3N13:g(W), 111M5 | ||
| 100 |
_aTarrow Susan _921783 |
||
| 245 | 0 |
_aExile from the kingoms _b a political rereading of Albert Camus |
|
| 260 |
_aAlbana _bUniv Of Albana Press _c1985 |
||
| 300 |
_ax,221p. _ccm. |
||
| 500 | _aBib 208p | ||
| 650 | _aENGLISH LITERATURE | ||
| 942 |
_hO122,3N13:g(W), 111M5 _cTEXL _2CC |
||
| 999 |
_c127504 _d127504 |
||